[Event "CZE-chT2 9697"]
[Site "CZE"]
[Date "1997.??.??"]
[Round "?"]
[White "Cech, Pavel"]
[Black "Vodicka, Vladimir"]
[Result "1-0"]
[WhiteElo "2330"]
[BlackElo "2330"]

1.d4 Nf6 2.Bg5 c5 3.d5 g6 4.Nc3 Bg7 5.e4 d6 6.Qd2 a6 7.a4 Qa5 8.f3 O-O 9.Bh6 e6
10.Bxg7 Kxg7 11.Nge2 e5 12.g4 b5 13.Ng3 Nbd7 14.h4 c4 15.h5 Rh8 16.Qg5 Kf8
17.Qh6+ Ke8 18.hxg6 fxg6 19.g5 Nh5 20.Nxh5 gxh5 21.Qxd6 b4 22.Nd1 Rf8 23.Bh3 Rxf3
24.Qe6+ Kf8 25.Qh6+ Ke7 26.d6+  1-0

[Event "CZE-chT1c 9697"]
[Site "CZE"]
[Date "1997.??.??"]
[Round "?"]
[White "Seifarth, Robert"]
[Black "Lastovicka, Zdenek"]
[Result "0-1"]
[WhiteElo "2190"]
[BlackElo "2325"]

1.d4 Nf6 2.Bg5 c5 3.d5 Ne4 4.Bh4 g5 5.f3 gxh4 6.fxe4 Qb6 7.Nd2 Qxb2 8.Ngf3 Bg7
9.Rb1 Qf6 10.e3 Qh6 11.Kf2 O-O 12.e5 d6 13.exd6 exd6 14.Bd3 Nd7 15.Re1 f5
16.Kg1 Nf6 17.e4 fxe4 18.Nxe4 Nxe4 19.Rxe4 h3 20.Qe2 Bf5 21.Rh4 Qg6 22.Bxf5 Qxf5
23.Rxb7 Rae8 24.Qd2 Bd4+ 25.Rxd4 cxd4 26.Qh6 Re1+ 27.Kf2 Qxc2+ 28.Kxe1 Re8+  0-1

[Event "MSS-ch"]
[Site "CZE"]
[Date "1997.??.??"]
[Round "?"]
[White "Dittrich, Pavel"]
[Black "Strakos, J."]
[Result "1-0"]
[WhiteElo "1760"]
[BlackElo "1855"]

1.d4 Nf6 2.Bg5 c5 3.dxc5 e6 4.e3 Bxc5 5.Nd2 d5 6.Nb3 Be7 7.Bd3 a6 8.Nf3 b5
9.O-O Bb7 10.c3 O-O 11.Qc2 h6 12.Bh4 Nc6 13.Nbd4 Rc8 14.Qe2 Na5 15.a4 bxa4
16.Rxa4 Qb6 17.Rfa1 Nc4 18.Bxc4 dxc4 19.Ne5 Bd5 20.Rxa6 Qb8 21.Bxf6 Bxf6
22.Nd7 Qb7 23.Ra7  1-0

[Event "CZE-chT2 9798"]
[Site "CZE"]
[Date "1997.??.??"]
[Round "1.4"]
[White "Kopta, Pavel"]
[Black "Vasicek, Martin"]
[Result "1-0"]
[WhiteElo "2180"]
[BlackElo "2135"]

1.d4 Nf6 2.Bg5 d5 3.Nf3 Bf5 4.e3 Nbd7 5.c4 c6 6.Nc3 e6 7.Qb3 Qb6 8.c5 Qxb3
9.axb3 a6 10.b4 Rc8 11.Bxf6 gxf6 12.Nh4 Bg6 13.f4 Be4 14.Nxe4 dxe4 15.f5 Bh6
16.Bc4 Ke7 17.Ke2 Rhg8 18.g3 Rcd8 19.Rhf1 Rg4 20.Rad1 Rb8 21.Rd2 Bg5 22.Ng2 Bh6
23.Kd1 Rd8 24.Kc2 Rg5 25.Rf4 Rxf5 26.Rxf5 exf5 27.Nh4 Bf8 28.Nxf5+ Ke8 29.Rf2 b5
30.Bb3 a5 31.Rf4 Ra8 32.Rxe4+ Kd8 33.Bxf7 Kc7 34.bxa5 Rxa5 35.Re8  1-0

[Event "CZE-chT2 9798"]
[Site "CZE"]
[Date "1997.??.??"]
[Round "2.1"]
[White "Vavra, Pavel"]
[Black "Michalek, Jan"]
[Result "1/2-1/2"]
[WhiteElo "2340"]
[BlackElo "2285"]

1.d4 Nf6 2.Bg5 g6 3.Nd2 Bg7 4.c3 d6 5.e4 O-O 6.Bd3 c5 7.Ngf3 Nc6 8.O-O cxd4
9.cxd4 e5 10.dxe5 Nxe5 11.Nxe5 dxe5 12.Nc4 h6 13.Bh4 Qd4 14.Bxf6 Bxf6 15.Qf3 Bg7
16.Rfd1 Be6 17.Bf1 Qc5 18.Nd6 Qb6 19.Bc4 Rad8 20.Bxe6 fxe6 21.Nc4 Rxf3 22.Nxb6 Rfd3
23.Rxd3 Rxd3 24.Nc4 b5 25.Ne3 Rd2  1/2-1/2

[Event "Moravia-chT 9798"]
[Site "CZE"]
[Date "1997.??.??"]
[Round "4.3"]
[White "Pastor, Karel"]
[Black "Hrivnak, Daniel"]
[Result "1-0"]
[WhiteElo "2240"]
[BlackElo "2380"]

1.d4 Nf6 2.Bg5 c5 3.Bxf6 gxf6 4.d5 Qb6 5.Nd2 Qxb2 6.e3 Qe5 7.Bc4 Rg8 8.Ngf3 Qh5
9.d6 e6 10.Ne4 Bg7 11.Ng3 Qg6 12.Nh4 Qg5 13.Nhf5 Bf8 14.f4 Qg6 15.Be2 h6
16.Nh4 Qh7 17.Nh5 Qh8 18.O-O Nc6 19.f5 e5 20.Qd5 Rg5 21.Bc4 Nd8 22.Ng3 Qg7
23.Be2 Rxg3 24.hxg3 Qxg3 25.Nf3 h5 26.Kh1 Rb8 27.Nd2 Qh4+ 28.Kg1 b6 29.Qe4 Qg5
30.Nf3 Qh6 31.Nxe5 Bb7 32.Nc6+ Ne6 33.fxe6 Bxc6 34.exf7+ Kxf7 35.Qf4 Qg6
36.Bxh5 Qxh5 37.Qxf6+ Kg8 38.Rf5 Bg7 39.Qxg7+ Kxg7 40.Rxh5 Re8 41.Rf1 Rxe3
42.Rh3 Re6 43.Rg3+ Kh7 44.Rf7+ Kh6 45.Rf4 Rg6 46.Rfg4  1-0

[Event "CZE-chT 9697"]
[Site "CZE"]
[Date "1997.??.??"]
[Round "6"]
[White "Cech, Pavel"]
[Black "Mrva, Martin"]
[Result "1-0"]
[WhiteElo "2330"]
[BlackElo "2410"]

1.d4 Nf6 2.Bg5 c5 3.d5 Qb6 4.Nc3 Qxb2 5.Bd2 Qb6 6.e4 e5 7.f4 d6 8.Nf3 Nbd7
9.fxe5 dxe5 10.Bc4 a6 11.a4 Qd6 12.O-O g6 13.Qe1 Bg7 14.Qh4 h6 15.Kh1 Nh5
16.Rab1 O-O 17.a5 b5 18.axb6 Nxb6 19.Ba2 Bd7 20.g4 Nf6 21.g5 hxg5 22.Nxg5 Rfb8
23.Kg2 Be8 24.Rf2 Nbd7 25.Rbf1 Ra7 26.Be3 Rc7 27.Ne6 Nh5 28.Nxc7 Qxc7 29.Qe7 Nf4+
30.Bxf4 exf4 31.d6 Qa5 32.Rxf4 c4 33.Bxc4 Ne5 34.d7 Qxc3 35.dxe8=Q+ Rxe8
36.Qxe8+ Bf8 37.Bxf7+ Kg7 38.Bb3 Bc5 39.Rf7+ Nxf7 40.Qxf7+ Kh6 41.Qf4+ Kg7
42.e5  1-0

[Event "CZE-chT 9697"]
[Site "CZE"]
[Date "1997.??.??"]
[Round "9"]
[White "Cech, Pavel"]
[Black "Vozka, Pavel"]
[Result "1-0"]
[WhiteElo "2330"]
[BlackElo "2275"]

1.d4 Nf6 2.Bg5 c5 3.d5 Ne4 4.h4 d6 5.Nf3 Nxg5 6.hxg5 g6 7.Nbd2 Bg7 8.c3 O-O
9.Qa4 e6 10.Qh4 Re8 11.Qxh7+ Kf8 12.dxe6 Rxe6 13.e4 b5 14.Bxb5 d5 15.O-O-O Rb6
16.exd5 Rxb5 17.Rde1 Nc6 18.dxc6 Bf5 19.Qh8+ Bxh8 20.Rxh8+ Kg7 21.Rxd8 Rxd8
22.Nc4 Be6  1-0

[Event "CZE-chT 9697"]
[Site "CZE"]
[Date "1997.??.??"]
[Round "9"]
[White "Karlik, Vladimir"]
[Black "Lamser, Jan"]
[Result "1/2-1/2"]
[WhiteElo "2275"]
[BlackElo "2275"]

1.d4 d5 2.Bg5 Nf6 3.Bxf6 exf6 4.e3 Bd6 5.Bd3 O-O 6.Nd2 Be6 7.Qf3 Nc6 8.c3 Ne7
9.Ne2 Qd7 10.h3 Bf5 11.Bxf5 Qxf5 12.Qxf5 Nxf5 13.O-O Rfe8 14.c4 Bb4 15.Nc3 dxc4
16.Nxc4 c6 17.a3 Nd6 18.Nd2 Ba5 19.Rac1 f5 20.Nb3 Bb6 21.Rfd1 Ne4 22.Na4 Nf6
23.Nbc5 Re7 24.b4 Rd8 25.Rb1 Nd5 26.b5 Bxc5 27.dxc5 Rde8 28.bxc6 bxc6 29.Rd4 g5
30.Rb3 Re4 31.Nc3 Nxc3 32.Rxc3 R4e5 33.Ra4 R8e7 34.Ra6 Rc7 35.Kf1 Kf8 36.Ke2 Rd5
37.Kf3 h5 38.Ra5 Ke7 39.Rb3 Kf6 40.h4 g4+ 41.Kg3 Rd8  1/2-1/2

[Event "Providencia op"]
[Site "Debrecen"]
[Date "1997.??.??"]
[Round "3"]
[White "Donka, Peter"]
[Black "Boguszlavszky, Jevgenyij"]
[Result "1-0"]
[WhiteElo "2245"]
[BlackElo "2295"]

1.d4 Nf6 2.Bg5 d5 3.Bxf6 exf6 4.e3 Bd6 5.Bd3 O-O 6.Qf3 c6 7.Ne2 Qb6 8.b3 a5
9.O-O Qc7 10.h3 Be6 11.c4 dxc4 12.bxc4 Rd8 13.Nbc3 Na6 14.a3 Qe7 15.c5 Bc7
16.Rfd1 Bb3 17.Rd2 a4 18.Nc1 Ba5 19.N1e2 Rd7 20.Bf5 Nxc5 21.Bxd7 Nxd7 22.d5 Ne5
23.Qe4 Qd6 24.Rd4 c5 25.Rxa4 Bxa4 26.Qxa4 Qd7 27.Qxd7 Nxd7 28.Rb1 Bxc3 29.Nxc3 b6
30.a4 Kf8 31.e4 f5 32.exf5 Ke7 33.Rd1 Kf6 34.g4 Ne5 35.f4 Nf3+ 36.Kf2 Nd4
37.d6 g6 38.Nd5+ Kg7 39.f6+ Kf8 40.Nxb6 Rd8 41.d7  1-0

[Event "Dhaka"]
[Site "Dhaka"]
[Date "1997.??.??"]
[Round "5"]
[White "Plaskett, Jim"]
[Black "Iuldachev, Saidali"]
[Result "1-0"]
[WhiteElo "2455"]
[BlackElo "2555"]

1.d4 Nf6 2.Bg5 d5 3.Bxf6 exf6 4.e3 Bd6 5.c4 dxc4 6.Bxc4 O-O 7.Nc3 f5 8.Nf3 Nd7
9.Qc2 Nf6 10.h3 Qe7 11.g4 Ne4 12.O-O-O Nxc3 13.bxc3 b5 14.Bd5 Rb8 15.gxf5 Ba3+
16.Kd2 c5 17.Qe4 cxd4 18.Nxd4 Qf6 19.Rhg1 Bd7 20.Qf4 b4 21.cxb4 Rxb4 22.Ke2 Bb5+
23.Kf3 Rd8 24.Be4 Ba4 25.Rd3 Bb2 26.Rb1 Re8 27.Rd2 Bc3 28.Rxb4 Bxb4 29.Rd3 Bd6
30.Qg4 g6 31.h4 h5 32.Qg5 Qe5 33.Bb7 Be7 34.Qg3 Qf6 35.Ke2 Bc5 36.Qf4 Bd7
37.Be4 Bxd4 38.Rxd4 Bb5+ 39.Kf3  1-0

[Event "ROM-chT"]
[Site "Eforie Nord"]
[Date "1997.??.??"]
[Round "?"]
[White "Ionescu, Doru Alexandru"]
[Black "Vajda, Albert"]
[Result "1-0"]
[WhiteElo "2290"]
[BlackElo "2405"]

1.d4 Nf6 2.Bg5 g6 3.Bxf6 exf6 4.e3 Bg7 5.g3 O-O 6.Bg2 d6 7.Ne2 Nd7 8.O-O f5
9.c4 Nf6 10.Nbc3 Re8 11.Qd3 c6 12.b4 Qe7 13.a4 Rb8 14.a5 Ne4 15.Rab1 Bd7
16.b5 a6 17.bxa6 Nxc3 18.Nxc3 bxa6 19.Rb6 Rxb6 20.axb6 c5 21.Nd5 Qd8 22.dxc5 dxc5
23.Qa3 Bf6 24.Qxa6 Bc6 25.b7 Bxd5 26.Bxd5 Qc7 27.Rb1 Rb8 28.Rb6 Be7 29.Rc6 Qe5
30.Rc8+ Kg7 31.Qc6 Bd6 32.Qd7 Qf6 33.Qe8  1-0

[Event "BCF-chT 96/97"]
[Site "England"]
[Date "1997.??.??"]
[Round "?"]
[White "Mah, Karl"]
[Black "Franklin, Michael J"]
[Result "1-0"]
[WhiteElo "2305"]
[BlackElo "2235"]

1.d4 Nf6 2.Bg5 g6 3.Bxf6 exf6 4.e3 Bg7 5.g3 d6 6.Bg2 Nd7 7.Ne2 f5 8.c4 Nf6
9.Nbc3 O-O 10.Qc2 Re8 11.O-O Rb8 12.b4 a6 13.a4 h5 14.h4 Ng4 15.Nf4 g5 16.hxg5 Qxg5
17.Nh3 Qh6 18.Nd5 c6 19.Nb6 Nxe3 20.fxe3 Qxe3+ 21.Kh2 h4 22.Nxc8 Qxg3+ 23.Kh1 Rbxc8
24.Rxf5 Re1+ 25.Rxe1 Qxe1+ 26.Rf1 Qe3 27.Qf5 Qe6 28.d5 Qxf5 29.Rxf5 Be5 30.Ng5 f6
31.Ne6 a5 32.dxc6 bxc6 33.bxa5 Kf7 34.Nf4 Ke7 35.Ng6+ Kf7 36.Nxe5+ dxe5 37.Rf1 Ke7
38.Kh2 Rc7 39.Kh3 Ke6 40.Be4 Ra7 41.Bxc6 f5 42.Kxh4 Rxa5 43.Kg5 f4 44.Bd5+ Kd6
45.Ra1 Kc5 46.Kf5 Kd4 47.Rd1+ Ke3 48.Re1+ Kd4 49.Re4+  1-0

[Event "BCF-chT 96/97"]
[Site "England"]
[Date "1997.??.??"]
[Round "?"]
[White "Seymour, Jane F"]
[Black "Ivanov, Alexey"]
[Result "1-0"]
[WhiteElo "2040"]
[BlackElo "2435"]

1.d4 d5 2.Bg5 Nf6 3.e3 Bg4 4.f3 Bf5 5.c4 c6 6.Nc3 Nbd7 7.cxd5 cxd5 8.Qb3 Qb6
9.Bb5 a6 10.Bxd7+ Nxd7 11.Nxd5 Qxb3 12.axb3 Rc8 13.Ne2 e6 14.Ndc3 h6 15.Bh4 Bc2
16.Kd2 Bxb3 17.Nc1 Bd5 18.Nxd5 exd5 19.Nd3 Bd6 20.Ra5 Nb6 21.b3 O-O 22.Bg3 Be7
23.Rc1 Rxc1 24.Kxc1 Rc8+ 25.Kd2 Rc6 26.Bb8 Nd7 27.Ba7 b5 28.b4 Bd8 29.Ra2 a5
30.bxa5 Ra6 31.Bc5 Rxa5 32.Rb2 Bb6 33.Be7 Bc7 34.Bc5 Bb6 35.Ke2 f6 36.Bb4 Ra1
37.Be1 Ba5 38.Rxb5 Bxe1 39.Nxe1 Ra2+ 40.Kd1 Ra1+ 41.Kd2  1-0

[Event "BCF-chT 96/97"]
[Site "England"]
[Date "1997.??.??"]
[Round "6"]
[White "Wall, Tim"]
[Black "McMichael, Richard"]
[Result "1-0"]
[WhiteElo "2320"]
[BlackElo "2200"]

1.d4 Nf6 2.Bg5 g6 3.Bxf6 exf6 4.c4 Bg7 5.Nc3 f5 6.e3 d6 7.g3 Nd7 8.Bg2 Nf6
9.Nge2 O-O 10.O-O h5 11.b4 h4 12.Qd3 hxg3 13.hxg3 Re8 14.b5 Ng4 15.Bf3 Rb8
16.a4 Bd7 17.a5 Qg5 18.Kg2 a6 19.Nf4 c6 20.Rh1 Qe7 21.Rab1 Nf6 22.bxa6 bxa6
23.Rb6 Rxb6 24.axb6 Ne4 25.Rb1 Bc8 26.Nxe4 fxe4 27.Qxe4 Qxe4 28.Bxe4 Rxe4
29.b7 Bxb7 30.Rxb7 c5 31.Kf3 Re8 32.dxc5 dxc5 33.Ra7 Rb8 34.Nd5 Rb2 35.Rxa6 Rc2
36.Ra4 Kh7 37.g4 Kh6 38.Kg3 Be5+ 39.f4 Bc3 40.g5+ Kg7 41.Kf3 Bb4 42.Ra8 Bc3
43.Ke4 Rc1 44.Rc8  1-0

[Event "BCF-chT 96/97"]
[Site "England"]
[Date "1997.??.??"]
[Round "9"]
[White "Povah, Nigel E"]
[Black "Parker, Jonathan"]
[Result "0-1"]
[WhiteElo "2375"]
[BlackElo "2470"]

1.d4 Nf6 2.Bg5 d5 3.Bxf6 exf6 4.e3 Bd6 5.c4 dxc4 6.Bxc4 f5 7.Nc3 O-O 8.Qh5 Nd7
9.Nge2 Nf6 10.Qf3 Qe7 11.O-O-O a6 12.h4 c5 13.dxc5 Be5 14.c6 bxc6 15.Nd4 Qc5
16.Bb3 f4 17.Qe2 Bg4 18.f3 fxe3 19.Qxe3 Rad8 20.Nc2 Qxe3+ 21.Nxe3 Bf4 22.Rxd8 Rxd8
23.Re1 Bc8 24.g4 Re8 25.Kd2 a5 26.Bc4 Nd7 27.Ne4 Ne5 28.Be2 Rd8+  0-1

[Event "BCF-chT 96/97"]
[Site "England"]
[Date "1997.??.??"]
[Round "12"]
[White "Povah, Nigel E"]
[Black "Walsh, Chris"]
[Result "1-0"]
[WhiteElo "2375"]
[BlackElo "2180"]

1.d4 Nf6 2.Bg5 d5 3.Bxf6 exf6 4.e3 Bd6 5.c4 dxc4 6.Bxc4 O-O 7.Nc3 c6 8.Qh5 Nd7
9.Nge2 b5 10.Bd3 g6 11.Qf3 Qb6 12.h4 f5 13.h5 Nf6 14.O-O-O Be6 15.Nf4 b4
16.Na4 Qa5 17.b3 c5 18.hxg6 Bxf4 19.gxh7+ Kh8 20.Qxf4  1-0

[Event "Espoo op1"]
[Site "Espoo"]
[Date "1997.??.??"]
[Round "4"]
[White "Puranen, Jukka"]
[Black "Agopov, Mikael"]
[Result "1-0"]
[WhiteElo "2330"]
[BlackElo "2305"]

1.d4 Nf6 2.Bg5 c5 3.Nc3 cxd4 4.Qxd4 Nc6 5.Qh4 e6 6.e4 Be7 7.O-O-O O-O 8.f4 h6
9.Nf3 d6 10.Bd3 hxg5 11.Nxg5 g6 12.g4 Kg7 13.Qg3 e5 14.f5 Nh5 15.Ne6+ fxe6
16.gxh5 g5 17.h6+ Kh8 18.Qg4 Nd4 19.Rhf1 Bd7 20.Kb1 Bf6 21.Rd2 Qe7 22.Rdf2 b5
23.fxe6 Bxe6 24.Qh5 b4 25.Nd1 Bf7 26.Qh3 Be6 27.Qh5 Bf7 28.Qh3 Bg8 29.Ne3 Ne6
30.Nd5 Nf4 31.Nxe7 Nxh3 32.Rxf6 Rxf6 33.Rxf6 Nf4 34.Rxd6 a5 35.Ng6+ Kh7 36.Nxe5 Re8
37.Ng4 Re6 38.e5+ Kh8 39.Rd8 Nxd3 40.cxd3  1-0

[Event "FRA-chT9697 groupe A"]
[Site "France"]
[Date "1997.??.??"]
[Round "3"]
[White "Julve, Philippe"]
[Black "Sellos, Didier"]
[Result "0-1"]
[WhiteElo "2235"]
[BlackElo "2455"]

1.d4 Nf6 2.Bg5 d5 3.Bxf6 exf6 4.e3 Be6 5.Bd3 c6 6.Nd2 Nd7 7.Ne2 f5 8.c3 Bd6
9.Qc2 g6 10.O-O-O Qc7 11.g3 Nf6 12.f3 O-O-O 13.Kb1 Kb8 14.Rde1 h5 15.c4 dxc4
16.Bxc4 Rhe8 17.Bxe6 Rxe6 18.e4 fxe4 19.fxe4 Bb4 20.Nf4 Re7 21.e5 Nd5 22.Re4 Nxf4
23.gxf4 Bxd2 24.Qxd2 Rd5 25.Rc1 Qd7 26.Qe3 Qe6 27.Re1 Red7 28.Rc1 Rd8 29.a3 a6
30.Ka1 Ka8 31.b4 Rb5 32.Kb2 Qd5 33.Rc5 Rxc5 34.bxc5 Qc4 35.Qb3 Qf1 36.Qc2 Qg1
37.Kc3 h4 38.a4 h3 39.Kc4 Kb8 40.Qd2 Qa1 41.Qc2 a5 42.Kd3 Qh1 43.Kc3 Rh8
44.e6 fxe6 45.Rxe6 Qf3+ 46.Qd3 Qxf4 47.Qxg6 Qc1+ 48.Qc2 Qa1+ 49.Kc4 Rf8 50.Re3 Rf1
51.Rc3 Rb1 52.Kd3 Ka7 53.Ke4 Rb2 54.Qc1 Qa2 55.Rxh3 Qd5+ 56.Kf4 Rf2+ 57.Kg3 Rf3+  0-1

[Event "FRA-chT9697 groupe A"]
[Site "France"]
[Date "1997.??.??"]
[Round "6"]
[White "Eliet, Nicolas"]
[Black "Sellos, Didier"]
[Result "1/2-1/2"]
[WhiteElo "2380"]
[BlackElo "2455"]

1.d4 Nf6 2.Bg5 d5 3.Bxf6 exf6 4.e3 c6 5.Nd2 Be6 6.Bd3 Nd7 7.Qf3 Bd6 8.Ne2 O-O
9.O-O Re8 10.a3 g6 11.c4 f5 12.Nf4 Nf6 13.cxd5 cxd5 14.g3 Qb6 15.Rab1 Rac8
16.Qd1 Re7 17.Qb3 Qa5 18.Nf3 Bxf4 19.gxf4 Rec7 20.Qb4 Qxb4 21.axb4 a6 22.Ra1 Ne4
23.Ra5 f6 24.b5 axb5 25.Rxb5 Kf8 26.Kg2 Ke7 27.Ra1 Nd6 28.Rb6 Rc6 29.Rxc6 Rxc6
30.Rb1 Bd7 31.Kf1 Rb6 32.Nd2 Ne4 33.Ke2 Rb4 34.f3 Nd6 35.b3 Nc8 36.Ra1 Kd6
37.Kd1 Rb6 38.Ra5 Ne7 39.Ra8 Bc8 40.Bc2 Kc7 41.Ra5 Re6 42.Rc5+ Kb8 43.Nf1 Ra6
44.Bd3 Ra3 45.Nd2 Bd7 46.Kc1 Ra1+ 47.Nb1 Ra2 48.Rc2 Rxc2+ 49.Kxc2 Kc7 50.Nc3 Kd6
51.Kd2 Bc6 52.Na2 Bd7 53.Nb4 Be8 54.Be2  1/2-1/2

[Event "FRA-chT9697 groupe B"]
[Site "France"]
[Date "1997.??.??"]
[Round "7"]
[White "Didner, Catherine"]
[Black "Vette, V."]
[Result "1-0"]
[WhiteElo "1680"]
[BlackElo "1780"]

1.d4 Nf6 2.Bg5 g6 3.Bxf6 exf6 4.e4 d5 5.exd5 Qxd5 6.c3 Bh6 7.Nd2 O-O 8.Ngf3 Re8+
9.Be2 Qb5 10.b3 Bg4 11.Kf1 Qa5 12.Qc2 Nc6 13.h3 Bf5 14.Bd3 Bxd3+ 15.Qxd3 Rad8
16.g3 Qd5 17.c4 Qa5 18.d5 Ne5 19.Qc2 c6 20.Nxe5 Rxe5 21.Ne4 Rde8 22.Nxf6+ Kg7
23.Nxe8+ Rxe8 24.dxc6 bxc6 25.Kg2 Rd8 26.Rad1 Re8 27.Rd7 Qc5 28.Qc3+ Kg8
29.Qf6 Rf8 30.Qd4 Qf5 31.Rxa7 Bg7 32.Qd7 Qe4+ 33.Kh2 Qf3 34.Qd2 Bd4 35.Qxd4  1-0

[Event "Frydek-Mistek op-B"]
[Site "Frydek-Mistek"]
[Date "1997.??.??"]
[Round "5"]
[White "Lepik, Jaroslav"]
[Black "Trombik, Karel"]
[Result "1/2-1/2"]
[WhiteElo "2115"]
[BlackElo "2215"]

1.d4 Nf6 2.Bg5 c5 3.Bxf6 gxf6 4.c3 e6 5.Nf3 d5 6.e3 Nc6 7.a3 c4 8.Nbd2 f5
9.g3 Bg7 10.Bg2 O-O 11.O-O Bd7 12.Qc2 Rb8 13.Rfe1 b5 14.Nf1 a5 15.N3d2 Qe7
16.f4 Kh8 17.Nf3 f6 18.Nh4 Qd6 19.Red1 Ra8 20.Bf3 Rfb8 21.Qg2 b4 22.axb4 axb4
23.Kh1 Ne7 24.g4 fxg4 25.Bxg4 f5 26.Bh5 Ba4 27.Rdc1 Bf6 28.Nf3 Rg8 29.Qh3 bxc3
30.bxc3 Bc6 31.Bf7 Rg7 32.Rxa8+ Bxa8 33.Ra1 Bb7 34.Rb1 Bc8 35.Qh5 Qa3 36.Rb8 Qd6
37.Ra8 Qc6 38.Rb8 Qd6 39.Ra8 Qc6 40.Ra7 Qb6 41.Ra8 Qb1 42.Nd2 Qb7 43.Ra1 Qb2
44.Ra8 Qb7 45.Ra1 Qb2 46.Rb1 Qa3 47.Rb8 Qd6 48.Ra8 Qc6 49.Rb8  1/2-1/2

[Event "Frydek-Mistek op (Women)"]
[Site "Frydek-Mistek"]
[Date "1997.??.??"]
[Round "8"]
[White "Gagloshvili, Raissa"]
[Black "Tallova, Ivana"]
[Result "1/2-1/2"]
[WhiteElo "2220"]
[BlackElo "2120"]

1.d4 Nf6 2.Bg5 g6 3.Bxf6 exf6 4.e3 Bg7 5.Nd2 d5 6.Bd3 O-O 7.c3 Re8 8.h3 b6
9.Ne2 c5 10.O-O Bb7 11.Nf4 f5 12.Qf3 Nd7 13.Bb5 a6 14.Ba4 b5 15.Bc2 cxd4
16.cxd4 Nf6 17.Bb3 Ne4 18.Nxe4 fxe4 19.Qd1 Qd6 20.Rc1 Rac8 21.Qd2 Bh6 22.Ne2 Red8
23.a3 Qb6 24.Rxc8 Rxc8 25.Nc3 Qd6 26.Ba2 Bf8 27.b4 a5 28.Rb1 axb4 29.axb4 Qd7
30.Qb2 Be7 31.Qb3 Rc4 32.Qa3 Rc8 33.Rc1 Ra8 34.Qb3 Rc8 35.Rb1 Rc4 36.Qa3 Rc8
37.Rb3 Kg7 38.Qb2 Rc4 39.Bb1 Qc7 40.Na2 Bd6 41.Rc3 f5 42.Bc2 Rxc3 43.Nxc3 Qc4
44.Na2 Qe2 45.Qc1 f4 46.Qd1 f3 47.Bb3 Qxd1+ 48.Bxd1 fxg2 49.Kxg2 Kf6 50.Be2 Bc6
51.Kf1 Bd7 52.Kg2 Bc6 53.Nc3 Ke6 54.Nxb5 Bxb5 55.Bxb5 Bxb4 56.f3 exf3+ 57.Kxf3 Bd2
58.Bd3 Kd6 59.Bc2 Be1 60.Bb3 g5 61.e4  1/2-1/2

[Event "Arnold mem"]
[Site "Gausdal"]
[Date "1997.??.??"]
[Round "8"]
[White "Kristensen, Bjarke"]
[Black "Ostenstad, Berge"]
[Result "1-0"]
[WhiteElo "2430"]
[BlackElo "2465"]

1.d4 Nf6 2.Bg5 c5 3.Bxf6 gxf6 4.d5 Qb6 5.Qc1 f5 6.e3 Bg7 7.c3 d6 8.Nd2 Nd7
9.a4 Qc7 10.Nc4 Nf6 11.Qd1 b6 12.Be2 Bb7 13.Bf3 O-O-O 14.a5 b5 15.a6 Ba8
16.Na5 Qb6 17.Nh3 Bh6 18.O-O Rhg8 19.c4 Ng4 20.Nf4 Ne5 21.b3 Bg7 22.Be2 Ng6
23.Ra2 Nxf4 24.exf4 b4 25.Bf3 e5 26.dxe6 Bxf3 27.Qxf3 fxe6 28.Re1 Rge8 29.Nb7 Bc3
30.Ree2 Rd7 31.g3 Kc7 32.Ra5 Qc6 33.Qxc6+ Kxc6 34.Rb5 e5 35.Na5+ Kc7 36.fxe5 Rxe5
37.Rxe5 Bxe5 38.Kf1 f4 39.Ke2 fxg3 40.hxg3 Bd4 41.f4 h5 42.Kf3 Kc8 43.Nc6 Rc7
44.Nxd4 cxd4 45.Ke4 Rc6 46.Ra5 d5+ 47.Rxd5 Rxa6 48.f5 Ra1 49.f6 Rf1 50.Ke5  1-0

[Event "Geneve op"]
[Site "Geneve"]
[Date "1997.??.??"]
[Round "3"]
[White "Landenbergue, Claude"]
[Black "Astengo, Corrado"]
[Result "1-0"]
[WhiteElo "2420"]
[BlackElo "2140"]

1.d4 Nf6 2.Bg5 d5 3.Bxf6 exf6 4.e3 Bf5 5.a3 c6 6.c4 Bxb1 7.Qxb1 dxc4 8.Bxc4 a5
9.Ne2 Bd6 10.O-O O-O 11.Qc2 Nd7 12.Rad1 Qe7 13.e4 c5 14.d5 Rae8 15.Nc3 f5
16.f3 Be5 17.Bb5 Bd4+ 18.Kh1 fxe4 19.Nxe4 Rd8 20.b3 Kh8 21.Rfe1 f5 22.d6 Qe5
23.Ng5 Qxd6 24.Ne6 Ne5 25.Nxd8 Rxd8 26.Qxf5 Ng6 27.Qf7 b6 28.Re8+  1-0

[Event "Geneve op"]
[Site "Geneve"]
[Date "1997.??.??"]
[Round "3"]
[White "Bechtel, Pierre"]
[Black "Cladouras, Panagiotis"]
[Result "0-1"]
[WhiteElo "2075"]
[BlackElo "2390"]

1.d4 Nf6 2.Bg5 c5 3.Bxf6 gxf6 4.d5 f5 5.Nc3 Bg7 6.e3 Qa5 7.Ne2 d6 8.Qd2 Na6
9.Nf4 Nc7 10.Nb5 Qxd2+ 11.Kxd2 Na6 12.c3 O-O 13.Kc2 Bd7 14.a4 Rfc8 15.Be2 c4
16.Rhg1 Nc5 17.g4 a6 18.Nd4 Bxa4+ 19.Kb1 Bd7 20.gxf5 Kh8 21.Bg4 Rg8 22.Ka2 Be5
23.Nh5 Nd3 24.f4 Bxd4 25.exd4 b5 26.h3 f6 27.Ng3 Rab8 28.b3 b4 29.cxb4 Rxb4
30.Bd1 Rgb8 31.Rb1 R8b5  0-1

[Event "Geneve op"]
[Site "Geneve"]
[Date "1997.??.??"]
[Round "7"]
[White "Bechtel, Pierre"]
[Black "Liardet, Fabrice"]
[Result "0-1"]
[WhiteElo "2075"]
[BlackElo "2330"]

1.d4 Nf6 2.Bg5 c5 3.d5 Qb6 4.Qc1 Nxd5 5.e4 Qe6 6.f3 Nb6 7.Nc3 d5 8.Nge2 d4
9.Nf4 Qd7 10.Bb5 Nc6 11.Ncd5 h6 12.Nxb6 axb6 13.Nd5 hxg5 14.Nxb6 Qd8 15.Nxa8 Qa5+
16.Qd2 Qxa8 17.O-O Qb8 18.g3 Qe5 19.Rae1 e6 20.f4 gxf4 21.Rxf4 g6 22.Qa5 Bh6
23.Qa8 O-O  0-1

[Event "BL2-S9798"]
[Site "Germany"]
[Date "1997.??.??"]
[Round "?.5"]
[White "Hauke, Christian"]
[Black "Pfleger, Michael"]
[Result "0-1"]
[WhiteElo "2210"]
[BlackElo "2240"]

1.d4 Nf6 2.Bg5 g6 3.Bxf6 exf6 4.e3 Bg7 5.g3 Qe7 6.Nd2 Nc6 7.c3 h5 8.Ngf3 d6
9.Bd3 Bh3 10.Qb3 Nd8 11.O-O-O a6 12.Nh4 Qe6 13.Qxe6+ Bxe6 14.e4 Bh6 15.f4 b5
16.Kb1 g5 17.fxg5 fxg5 18.Nf5 Bxf5 19.exf5 d5 20.Rde1+ Kd7 21.Re5 Kd6 22.Rhe1 g4
23.Nb3 Bg7 24.Re8 Nb7 25.R8e7 Raf8 26.R7e2 Bf6 27.Nd2 h4 28.gxh4 Rxh4 29.a4 Rh3
30.Kc2 c5 31.axb5 axb5 32.dxc5+ Kxc5 33.Nb3+ Kb6 34.Rg2 Rfh8 35.Rxg4 Rxh2+
36.Re2 Rxe2+ 37.Bxe2 Rh2 38.Kd1 Nd6 39.Rg8 Ne4 40.Rb8+ Kc7 41.Rxb5 Bxc3 42.Nc5 Nf2+
43.Kc1 Bd4 44.b4 Kd6 45.Nb7+ Ke5 46.Nc5 Be3+ 47.Kc2 Bxc5 48.bxc5 Ne4  0-1

[Event "Bundesliga 9697"]
[Site "Germany"]
[Date "1997.??.??"]
[Round "?.7"]
[White "Kinsman, Andrew PH"]
[Black "Kapischka, Jens"]
[Result "1-0"]
[WhiteElo "2395"]
[BlackElo "2315"]

1.d4 Nf6 2.Bg5 g6 3.Bxf6 exf6 4.e3 Bg7 5.g3 O-O 6.Bg2 d6 7.Ne2 c6 8.O-O f5
9.c4 Nd7 10.Nd2 Re8 11.b4 Nf6 12.Nc3 Bd7 13.a4 Rb8 14.Qc2 Qe7 15.b5 h5 16.a5 Rec8
17.a6 bxa6 18.bxa6 Qd8 19.Nb3 Qc7 20.Na5 Re8 21.Rfc1 Bf8 22.Nb7 Bc8 23.Qa4 Ne4
24.c5 d5 25.Nxd5 cxd5 26.Qxe8 Bxb7 27.Qxb8 Qxb8 28.Rab1 Be7 29.Rxb7 Qe8 30.Rxa7 Bg5
31.Rb7 Nxf2 32.a7 Qxe3 33.a8=Q+ Kg7 34.Rxf7+ Kxf7 35.Bxd5+ Ke7 36.Qb7+ Kd8
37.Qb8+ Ke7 38.Qc7+ Ke8 39.Qc6+ Ke7 40.Qd6+ Ke8 41.Qxg6+ Kd8 42.Qd6+ Ke8
43.Qb8+ Ke7 44.Qc7+ Ke8 45.Qf7+ Kd8 46.Qf8+  1-0

[Event "BL2-S9697"]
[Site "Germany"]
[Date "1997.??.??"]
[Round "?.8"]
[White "Hauke, Christian"]
[Black "Carstens, Andreas"]
[Result "1/2-1/2"]
[WhiteElo "2190"]
[BlackElo "2280"]

1.d4 Nf6 2.Bg5 g6 3.Bxf6 exf6 4.e3 Bg7 5.g3 O-O 6.Bg2 f5 7.Ne2 d6 8.c4 Nd7
9.Nbc3 a5 10.O-O c6 11.a3 Nf6 12.Qc2 Re8 13.b4 h5 14.b5 Bd7 15.Rab1 Rb8 16.bxc6 bxc6
17.Rxb8 Qxb8 18.Rb1 Qa7 19.Qb3 Qa6 20.h4 Be6 21.d5 cxd5 22.cxd5 Bc8 23.Nd4 Ne4
24.Nxe4 fxe4 25.Bf1 Qa7 26.Nc6 Qc5 27.a4 Bg4 28.Qb5 Qa3 29.Nxa5 Ra8 30.Nc4 Qxa4
31.Qxa4 Rxa4 32.Nxd6 Be5 33.Nc4 Bf6 34.d6 Be6 35.Nb6 Ra1 36.Rxa1 Bxa1 37.Bb5 Kf8
38.Bc6 Be5 39.Bxe4 Bxd6 40.Nd5 Bxd5 41.Bxd5 Ke7  1/2-1/2

[Event "Landesliga Nord 9697 Bayern"]
[Site "Germany"]
[Date "1997.??.??"]
[Round "?"]
[White "Graef, Steffen"]
[Black "Stiller, Juergen"]
[Result "0-1"]
[WhiteElo "2030"]
[BlackElo "2155"]

1.d4 Nf6 2.Bg5 c5 3.d5 Qb6 4.Nc3 d6 5.e4 g6 6.Bxf6 exf6 7.Qd2 Bg7 8.Bd3 f5
9.Na4 Qb4 10.Qxb4 cxb4 11.a3 fxe4 12.Bb5+ Bd7 13.Bxd7+ Nxd7 14.axb4 Rc8 15.Kd2 Ne5
16.Ne2 Nc4+ 17.Kd1 b5 18.Nac3 Nxb2+ 19.Kc1 Na4 20.Rxa4 bxa4 21.Nxa4 Kd7 22.c3 Rc7
23.Kb2 Rb8 24.Ka3 a5 25.bxa5 Ra7 26.Ra1 Rxa5 27.Ra2 Rxd5 28.Nc1 Rdb5 29.Ra1 Ra8
30.Ra2 d5 31.Ne2 Bf8+  0-1

[Event "Bundesliga 9798"]
[Site "Germany"]
[Date "1997.??.??"]
[Round "?.4"]
[White "Lorenz, Gerd"]
[Black "Hoffmann, Michael"]
[Result "0-1"]
[WhiteElo "2305"]
[BlackElo "2440"]

1.d4 Nf6 2.Bg5 c5 3.Bxf6 gxf6 4.dxc5 Qa5+ 5.Nc3 Bg7 6.e3 f5 7.Ne2 Qxc5 8.g3 e6
9.Bg2 d5 10.O-O Nc6 11.Na4 Qb5 12.c3 Bd7 13.b3 Qa5 14.Qd2 O-O 15.Rfd1 Rac8
16.Nb2 Ne5 17.a4 Qb6 18.Qc2 Rc5 19.Rd4 Rfc8 20.Nd1 Be8 21.Rb1 Ng4 22.Qd2 R5c7
23.Rb4 Qd6 24.Nf4 Bxc3 25.Nxc3 Qxb4 26.Ne4 Qxd2  0-1

[Event "Bundesliga 9798"]
[Site "Germany"]
[Date "1997.??.??"]
[Round "?.4"]
[White "Lorenz, Gerd"]
[Black "Heinemann, Thies"]
[Result "0-1"]
[WhiteElo "2305"]
[BlackElo "2450"]

1.d4 Nf6 2.Bg5 c5 3.Bxf6 gxf6 4.dxc5 Na6 5.Nc3 Nxc5 6.e4 Qa5 7.Qd4 Bg7 8.Bc4 Ne6
9.Qd3 f5 10.Bxe6 fxe6 11.Ne2 fxe4 12.Qxe4 Qf5 13.Qa4 O-O 14.O-O a6 15.Rad1 b5
16.Qb3 d6 17.Nd4 Qf7 18.f4 Bd7 19.Ne4 e5 20.Qxf7+ Rxf7 21.fxe5 Rxf1+ 22.Rxf1 Bxe5
23.c3 Rf8 24.Nf3 Bg7 25.Re1 h6 26.Nf2 Kf7 27.Nd3 a5 28.Nd2 e5 29.a4 bxa4
30.Nc4 Ke7 31.Nxa5 Ra8 32.Nc4 Be6 33.Na3 Rb8 34.Nb4 Kd7 35.Nac2 Bf6 36.Ne3 Bd8
37.Kf2 Ba5 38.Nd3 e4 39.Nf4 Rxb2+ 40.Kg3 Bxc3  0-1